| 000 | 00569nam a22001937a 4500 | ||
|---|---|---|---|
| 005 | 20240814173959.0 | ||
| 008 | s1980 eng d | ||
| 041 | _aeng | ||
| 245 | 1 | 0 | _aStanding orders of Parliament of the Hungarian People's Republic |
| 260 | 3 |
_aBudapest : _bOffice of the Hungarian Parliament, _c1980 |
|
| 300 |
_a57 p. ; _b 20 cm. |
||
| 650 | 0 | 4 | _aParliamentary practice -- Hungary |
| 650 | 0 | 4 | _aStanding orders |
| 850 | _aNALT | ||
| 942 | _cLB | ||
| 997 | _c000000000020974 | ||
| 998 |
_aBENJALUCK _j25 _k นีลวัสน์ อินทรักษา |
||
| 999 |
_c20974 _d20974 |
||
| 090 | _aKD219.H9.4 O33S 1980 | ||